Nejsme horší než oni
Česká ekonomická transformácia. Makroštrukturálna revolúcia, zmeny na makroúrovni. Reštrukturalizácia na mikroúrovni. Porovnanie transformácie s Poľskom a Maďarskom.
Salvato in:
| Autore principale: | |
|---|---|
| Natura: | Capitolo di libro |
| Lingua: | ceco |
| Soggetti: | |
| Tags: |
Nessun Tag, puoi essere il primo ad aggiungerne!!
|
MARC
| LEADER | 00000naa a2200000 4500 | ||
|---|---|---|---|
| 001 | r034757 | ||
| 005 | 20230920095713.2 | ||
| 041 | 0 | |a cze | |
| 044 | |a CZ | ||
| 245 | 1 | 0 | |a Nejsme horší než oni |c Marek Loužek |
| 520 | |a Česká ekonomická transformácia. Makroštrukturálna revolúcia, zmeny na makroúrovni. Reštrukturalizácia na mikroúrovni. Porovnanie transformácie s Poľskom a Maďarskom. | ||
| 610 | 2 | 0 | |a zmeny štruktúrne |
| 610 | 2 | 0 | |a transformácia |
| 610 | 2 | 0 | |a reštrukturalizácia |
| 610 | 2 | 0 | |a makroekonomika |
| 610 | 2 | 0 | |a mikroekonomika |
| 610 | 2 | 0 | |a ukazovatele ekonomické |
| 610 | 2 | 0 | |a Česko |
| 610 | 2 | 0 | |a Poľsko |
| 610 | 2 | 0 | |a Maďarsko |
| 100 | 1 | |a Loužek, Marek | |